ARRUPE JESUIT UNIVERSITY

CORONAVIRUS -STOP THE SPREAD - CLEAN,DISINFECT,COVER

Antecedents to modern Rwanda : (Record no. 121157)

MARC details
000 -LEADER
fixed length control field 01757pam a2200385 a 4500
001 - CONTROL NUMBER
control field 5023186
003 - CONTROL NUMBER IDENTIFIER
control field ARRUPE
005 - DATE AND TIME OF LATEST TRANSACTION
control field 20141103133007.0
008 - FIXED-LENGTH DATA ELEMENTS--GENERAL INFORMATION
fixed length control field 040405s2004 wiub b s001 0 eng
010 ## - LIBRARY OF CONGRESS CONTROL NUMBER
LC control number 2004007798
020 ## - INTERNATIONAL STANDARD BOOK NUMBER
International Standard Book Number 0299201201 (alk. paper)
020 ## - INTERNATIONAL STANDARD BOOK NUMBER
International Standard Book Number 0299201244 (pbk. : alk. paper)
024 30 - OTHER STANDARD IDENTIFIER
Standard number or code 9780299201241 (pbk. : alk. paper)
Additional codes following the standard number or code 90000
035 ## - SYSTEM CONTROL NUMBER
System control number (OCoLC)ocm54952904
035 ## - SYSTEM CONTROL NUMBER
System control number (NNC)5023186
040 ## - CATALOGING SOURCE
Original cataloging agency DLC
Transcribing agency DLC
Modifying agency OrLoB-B
-- NNC
041 1# - LANGUAGE CODE
Language code of text/sound track or separate title eng
Language code of original and/or intermediate translations of text fre
043 ## - GEOGRAPHIC AREA CODE
Geographic area code f-rw---
050 00 - LIBRARY OF CONGRESS CALL NUMBER
Classification number DT450.34
Item number .V3813 2004
082 00 - DEWEY DECIMAL CLASSIFICATION NUMBER
Classification number 967.571/01
Edition number 22
300 ## - PHYSICAL DESCRIPTION
Other physical details maps ;
Dimensions 24 cm.
100 1# - MAIN ENTRY--PERSONAL NAME
Personal name Vansina, Jan.
9 (RLIN) 12320
240 10 - UNIFORM TITLE
Uniform title <a href="Rwanda ancien.">Rwanda ancien.</a>
Language of a work English
245 10 - TITLE STATEMENT
Title Antecedents to modern Rwanda :
Remainder of title the Nyiginya Kingdom /
Statement of responsibility, etc Jan Vansina ; translated by the author.
260 ## - PUBLICATION, DISTRIBUTION, ETC. (IMPRINT)
Place of publication, distribution, etc Madison, Wis. :
Name of publisher, distributor, etc University of Wisconsin Press,
Date of publication, distribution, etc c2004.
300 ## - PHYSICAL DESCRIPTION
Extent xiii, 354 p. :
490 1# - SERIES STATEMENT
Series statement Africa and the diaspora
504 ## - BIBLIOGRAPHY, ETC. NOTE
Bibliography, etc Includes bibliographical references (p. 301-311) and index.
505 00 - FORMATTED CONTENTS NOTE
Miscellaneous information 1.
Title Central Rwanda on the eve of the emergence of the kingdom --
Miscellaneous information 2.
Title The Rwanda of Ndori --
Miscellaneous information 3.
Title Toward the centralization of power --
Miscellaneous information 4.
Title Government in the eighteenth century --
Miscellaneous information 5.
Title Social transformations in the nineteenth century --
Miscellaneous information 6.
Title The triumph of the great families and its consequences --
Miscellaneous information 7.
Title Nightmares : the age of Rwabugiri (1867-1897) --
-- In conclusion : history and the present --
Miscellaneous information App.
Title Predynastic fairy tales : Central Rwanda before Ndori.
651 #0 - SUBJECT ADDED ENTRY--GEOGRAPHIC NAME
Geographic name Rwanda
General subdivision Kings and rulers.
9 (RLIN) 12321
651 #0 - SUBJECT ADDED ENTRY--GEOGRAPHIC NAME
Geographic name Rwanda
General subdivision History.
9 (RLIN) 12322
830 #0 - SERIES ADDED ENTRY--UNIFORM TITLE
Uniform title Africa and the diaspora.
9 (RLIN) 12323
856 41 - ELECTRONIC LOCATION AND ACCESS
Materials specified Table of contents
Uniform Resource Identifier <a href="http://www.loc.gov/catdir/toc/ecip0417/2004007798.html">http://www.loc.gov/catdir/toc/ecip0417/2004007798.html</a>
900 ## - EQUIVALENCE OR CROSS-REFERENCE-PERSONAL NAME [LOCAL, CANADA]
Numeration TOC
942 ## - ADDED ENTRY ELEMENTS (KOHA)
Source of classification or shelving scheme Library of Congress Classification
Koha item type Monograph ( Printed materials)
Holdings
Withdrawn status Lost status Source of classification or shelving scheme Damaged status Not for loan Collection code Home library Current library Shelving location Date acquired Total Checkouts Full call number Barcode Date last seen Date checked out Price effective from Koha item type
    Library of Congress Classification     Main Collection ARRUPE LIBRARY ARRUPE LIBRARY Main Collection 03/11/2014 4 DT450.34 .V3813 2004 46500001299 08/02/2019 25/01/2019 03/11/2014 Monograph ( Printed materials)

 

Arrupe Library. PO Box MP320 Mt Pleasant, Harare, Zimbabwe
263 242 745411|librarian@aju.ac.zw